Actas de las X jornadas /
Guardado en:
| Autores Corporativos: | , , |
|---|---|
| Formato: | Libro |
| Idioma: | Spanish |
| Publicado: |
Bahía Blanca :
Instituto de Matemáticas, Universidad Nacional del Sur,
1957.
|
| Etiquetas: |
Agregar Etiqueta
Sin Etiquetas, Sea el primero en etiquetar este registro!
|
| LEADER | 00977nam a22001935a 4500 | ||
|---|---|---|---|
| 001 | MAT.inmabb006410 | ||
| 008 | 101110s1957####ag#######b####100#0#spa#d | ||
| 005 | 20160523115212.0 | ||
| 245 | 1 | 0 | |a Actas de las X jornadas / |c Unión Matemática Argentina. |
| 260 | |a Bahía Blanca : |b Instituto de Matemáticas, Universidad Nacional del Sur, |c 1957. | ||
| 300 | |a 73 p. ; |c 27 cm. | ||
| 500 | |a "Con el patrimonio de la Universidad Nacional del Sur, han tenido lugar en la ciudad de Bahía Blanca los días 24, 25 y 26 de octubre, las X Jornadas Científicas de la Unión Matemática Argentina". | ||
| 504 | |a Incluye bibliografías e índices. | ||
| 110 | 2 | |a Unión Matemática Argentina. |b Jornadas Científicas |n (10a. : |d 1957 : |c Bahía Blanca, Argentina) | |
| 710 | 2 | |a Universidad Nacional del Sur. | |
| 710 | 2 | |a Instituto de Matemática. INMABB. UNS. CONICET. | |
| 084 | |a 00B20 |2 msc2000 | ||
| 859 | |h 00B20 |i UMA-10 |p A-8641 |b BIB. MATEMATICA | ||
| 859 | |h 00B20 |i UMA-10 |p A-8642 |t ej.2 |b BIB. MATEMATICA | ||
